Didaci Covarrubias a Leiva... Opera omnia... [multis in locis á Cl. J.C. Cornelio Brederodio auctus, illustratus...] : Cum auctoris tractatu in tit. de Frigidis et Maleficiatis, septem quaestionibus distincto, quibus an Matrinonium cum hoc impedimento constare possit, accuraré explicatur / (Record no. 153320)

MARC details
000 -LEADER
campo de control de longitud fija 01483nam a2200277 i 4500
001 - NÚMERO DE CONTROL
campo de control 153320
003 - IDENTIFICADOR DE NÚMERO DE CONTROL
campo de control ES-MaACL
005 - FECHA Y HORA DE LA ÚLTIMA TRANSACCIÓN
campo de control 20230906205155.0
008 - DATOS DE LONGITUD FIJA--INFORMACIÓN GENERAL
campo de control de longitud fija 950908s1762 sz a |||| | lat d
040 ## - FUENTE DE CATALOGACIÓN
Centro catalogador/agencia de origen CYL
Lengua de catalogación spa
Centro/agencia transcriptor CYL
100 1# - ENTRADA PRINCIPAL--NOMBRE DE PERSONA
Nombre de persona Covarrubias y Leyva, Diego de.
9 (RLIN) 41352
245 10 - MENCIÓN DEL TÍTULO
Título Didaci Covarrubias a Leiva... Opera omnia... [multis in locis á Cl. J.C. Cornelio Brederodio auctus, illustratus...] : Cum auctoris tractatu in tit. de Frigidis et Maleficiatis, septem quaestionibus distincto, quibus an Matrinonium cum hoc impedimento constare possit, accuraré explicatur /
Mención de responsabilidad, etc. Accesserunt de novo Joannis Uffelii... in Variarum Resolutionum libros notae uberiores.
250 ## - MENCION DE EDICION
Mención de edición Iam post varias editiones correctiora, & cum veteribus ac melioris notae exemplaribus de novo collata, & ab innumeris mendis seriò repurgata.
260 ## - PUBLICACIÓN, DISTRIBUCIÓN, ETC.
Lugar de publicación, distribución, etc. Genevae :
Nombre del editor, distribuidor, etc. sumptibus Fratrum de Tournes,
Fecha de publicación, distribución, etc. 1762.
300 ## - DESCRIPCIÓN FÍSICA
Extensión 2 v. ([12], 772 p. ; [8], 825 p.) ;
Dimensiones Fol.
594 ## - Nota al título y mención de responsabilidad
Nota al título y mención de responsabilidad Tit. en antep.: "Didaci Covarruvias a Leiva, Opera omnia in duos tomos divisa"
596 ## - NOTA AL PIE DE IMPRENTA
NOTA AL PIE DE IMPRENTA Marca tip. en port.
597 ## - NOTA DE DESCRIPCIÓN FÍSICA
NOTA DE DESCRIPCIÓN FÍSICA Sign.: [calderón]6, A-Z6, 2A-2Z6, 3A-3R6, 3S8 ; *4, A-Z4, 2A-2Z4, 3A-3Y6, 3Z5.
597 ## - NOTA DE DESCRIPCIÓN FÍSICA
NOTA DE DESCRIPCIÓN FÍSICA Antep.
597 ## - NOTA DE DESCRIPCIÓN FÍSICA
NOTA DE DESCRIPCIÓN FÍSICA Port. a dos tintas.
597 ## - NOTA DE DESCRIPCIÓN FÍSICA
NOTA DE DESCRIPCIÓN FÍSICA Texto a dos col.
599 ## - NOTA A LAS ILUSTRACIONES
NOTA A LAS ILUSTRACIONES Grab. xil. en p. 1 con marca tip.
700 1# - ENTRADA AGREGADA--NOMBRE PERSONAL
Nombre de persona Uffel, Jean van.
9 (RLIN) 133436
700 0# - ENTRADA AGREGADA--NOMBRE PERSONAL
Nombre de persona Brederodio, Cornelio.
9 (RLIN) 31549
852 ## - LOCALIZACIÓN
Ubicación ES-MaACL
Número de control de estantería R-1541-42
Nota libre -- Enc. perg.
Encuadernación -- Olim: G-2209-10
Holdings
Estatus retirado Estado de pérdida Estado de daño No para préstamo Colección Biblioteca de origen Biblioteca actual Ubicación en estantería Fecha de adquisición Fuente de adquisición Total de préstamos Signatura topográfica completa Código de barras Visto por última vez Precio de reemplazo Tipo de ítem Koha
        Libros del s. XVIII Biblioteca del Ateneo de Madrid Biblioteca del Ateneo de Madrid Depósito 17/01/2008     R-1541 1160228 23/02/2023 23/02/2023 Libro impreso antiguo